000
00244nam a22001097a 4500
041
_a
eng
080
_a
80
100
_a
Heines, S., Steward,B.
245
_a
Masterclass New First Certificate. W/B.
650
_a
English Practice
999
_c
280730
_d
280730
942
_c
BK